=LDR 00000nam 2200000 4500 =001 NUTBA000000000001462 =005 20140428143317.0 =006 =007 =008 =020 ##$$a979-526-867-8 =035 ##$$a 0010-041400000000732 =082 ##$$a350 =100 ##$$a syafiie,n inu kencana =245 ##$$asistem administrasi negara ri =260 ##$$a jakarta $b bumi aksara $c 2003 =440 ##$$asistem administrasi negara ri =700 ##$$asyafiie,n inu kencana =850 ##$$a NBPN MAT =990 ##$$a 21195366/BPAP-NTB/2014